वाघाSाी पालखी (Record no. 322357)

MARC details
000 -LEADER
fixed length control field 00471nam a2200145Ia 4500
008 - FIXED-LENGTH DATA ELEMENTS--GENERAL INFORMATION
fixed length control field 090711s9999 xx 000 0 und d
082 ## - DEWEY DECIMAL CLASSIFICATION NUMBER
Item number 52193
100 ## - MAIN ENTRY--PERSONAL NAME
Personal name सोहोनी रमणलाल
245 ## - TITLE STATEMENT
Title वाघाSाी पालखी
600 ## - SUBJECT ADDED ENTRY--PERSONAL NAME
Personal name सोहोनी रमणलाल
630 ## - SUBJECT ADDED ENTRY--UNIFORM TITLE
Uniform title वाघाSाी पालखी
700 ## - ADDED ENTRY--PERSONAL NAME
Personal name सोहोनी रमणलाल
730 ## - ADDED ENTRY--UNIFORM TITLE
Uniform title वाघाSाी पालखी
942 ## - ADDED ENTRY ELEMENTS (KOHA)
Koha item type Book
Holdings
Withdrawn status Lost status Damaged status Not for loan Home library Current library Date acquired Cost, normal purchase price Total Checkouts Full call number Barcode Date last seen Cost, replacement price Price effective from Koha item type
        Dadar Sarvajanik Vachanalaya, Dardar Dadar Sarvajanik Vachanalaya, Dardar 07/11/2009 12.00   52193 DASAVA-52193 07/11/2009 12.00 07/11/2009 Book